<?xml version="1.0" encoding="UTF-8"?>
<marc:record xmlns:marc="http://www.loc.gov/MARC21/slim">
   <marc:leader>00000nam a2200000 a 4500</marc:leader>
   <marc:datafield ind1="1" ind2=" " tag="100">
      <marc:subfield code="a">Jumbo EU / B.V.</marc:subfield>
      <marc:subfield code="4">aut</marc:subfield>
      <marc:subfield code="e">Verfasser/-in</marc:subfield>
   </marc:datafield>
   <marc:datafield ind1=" " ind2=" " tag="653">
      <marc:subfield code="a">Musikquiz</marc:subfield>
   </marc:datafield>
   <marc:datafield ind1=" " ind2=" " tag="653">
      <marc:subfield code="a">Musik</marc:subfield>
   </marc:datafield>
   <marc:datafield ind1=" " ind2=" " tag="653">
      <marc:subfield code="a">Musiker</marc:subfield>
   </marc:datafield>
   <marc:datafield ind1=" " ind2=" " tag="653">
      <marc:subfield code="a">Ratespiel</marc:subfield>
   </marc:datafield>
   <marc:datafield ind1=" " ind2=" " tag="653">
      <marc:subfield code="a">App-gesteuert</marc:subfield>
   </marc:datafield>
   <marc:datafield ind1=" " ind2=" " tag="653">
      <marc:subfield code="a">Erklär-App</marc:subfield>
   </marc:datafield>
   <marc:datafield ind1=" " ind2=" " tag="653">
      <marc:subfield code="a">Spotify</marc:subfield>
   </marc:datafield>
   <marc:datafield ind1=" " ind2=" " tag="653">
      <marc:subfield code="a">Partyspiel</marc:subfield>
   </marc:datafield>
   <marc:datafield ind1="0" ind2="0" tag="245">
      <marc:subfield code="a">Hitster - Battle of the Generations</marc:subfield>
   </marc:datafield>
   <marc:datafield ind1="0" ind2="0" tag="245">
      <marc:subfield code="b">YOUR ERA, YOUR RULES</marc:subfield>
   </marc:datafield>
   <marc:datafield ind1="0" ind2="0" tag="245">
      <marc:subfield code="c">Jumbo EU / B.V.</marc:subfield>
   </marc:datafield>
   <marc:datafield ind1=" " ind2="1" tag="264">
      <marc:subfield code="a">EK Zaandam</marc:subfield>
      <marc:subfield code="b">Jumbo Group</marc:subfield>
      <marc:subfield code="c">2026</marc:subfield>
   </marc:datafield>
   <marc:datafield ind1="1" ind2=" " tag="520">
      <marc:subfield code="a">3+ IKONISCHE MUSIK-EPOCHEN – Wähle zwischen Vinyl Classics, Cassette &amp; CD Hits oder der neuen Streaming Era und tritt über Jahrzehnte hinweg an, um Songtitel, Künstler und Erscheinungsjahre zu erraten.&#xD;
420+ HITSONGS ENTHALTEN – Hitster Battle of the Generations bietet eine riesige Auswahl an Songs aus allen Jahrzehnten bis heute – die größte Hitster‑Challenge aller Zeiten.&#xD;
SCANNEN &amp; SPIELEN MIT DER KOSTENLOSEN APP – Das Musik‑Quizspiel ist leicht einzurichten und zu spielen. Scanne einfach eine Musik‑Karte, höre den Song sofort über deine Spotify‑App und lege die Karte schneller als deine Mitspieler in deine Musik‑Timeline.&#xD;
RENN UM DEN HITSTER‑TITEL – Der erste Spieler oder das erste Team, das 10 Songs korrekt in chronologischer Reihenfolge in der eigenen Musik‑Timeline platziert, gewinnt das Spiel und wird zum ultimativen Hitster‑Champion.&#xD;
SPIELE AUF DEINE ART – Spiele diese Edition als eigenständiges Spiel oder kombiniere sie mit anderen Hitster‑Editionen für noch mehr Abwechslung.</marc:subfield>
   </marc:datafield>
</marc:record>
